| 000 | 00550nam a2200193Ia 4500 | ||
|---|---|---|---|
| 001 | 63296 | ||
| 008 | 190524n2007 ii |||gr||||Z||||||465 | ||
| 020 | _a978-81-317-0810-1 | ||
| 082 | _a304.20954 | ||
| 100 |
_aRangarajan, Mahesh, _eEditor. |
||
| 245 | 0 |
_aEnvironmental Issues in India _cEdited by Mahesh Rangarajan _hTextual Documents |
|
| 250 | _aist ed. | ||
| 260 |
_aLondon _bDorling Kindersley Limited _c2007 |
||
| 300 |
_apg569: _c20cm. |
||
| 653 | _aSociology | ||
| 653 | _aEnvironmental -India | ||
| 653 | _aG- Sociology | ||
| 942 |
_2ddc _cBK |
||
| 999 |
_c64400 _d64400 |
||